00465nam a22001457a 4500020001800000082001600018100001100034245005600045260003400101300000800135650001300143942000700156952013900163999001700302 a9788193428245 a200.72bHAB aHabib  aMethodologies & Approaches to the study of Religion aPatialabSLM Publishersc2018 a100 aReligion cBK 00104070aHMIbHMIcGENd2023-08-10eKohinoor Book Distributorg595.00l6o200.72 HABp25891r2026-03-10s2026-03-05w2023-08-10yBK c23343d23343